Case in point (Record no. 108816)
[ view plain ]
| 000 -LEADER | |
|---|---|
| fixed length control field | 01336cam a22002895a 4500 |
| 001 - CONTROL NUMBER | |
| control field | L145521 |
| 008 - FIXED-LENGTH DATA ELEMENTS--GENERAL INFORMATION | |
| fixed length control field | 081017s2008 xxk f 001 0 eng d |
| 020 ## - INTERNATIONAL STANDARD BOOK NUMBER | |
| International Standard Book Number | 9781842191538 |
| 035 ## - SYSTEM CONTROL NUMBER | |
| System control number | (Sirsi) u145521 |
| 041 0# - LANGUAGE CODE | |
| Language code of text/sound track or separate title | eng |
| 050 04 - LIBRARY OF CONGRESS CALL NUMBER | |
| Classification number | 346.410435 $2 18 |
| 100 1# - MAIN ENTRY--PERSONAL NAME | |
| Personal name | Hannaford, Sarah |
| 245 00 - TITLE STATEMENT | |
| Title | Case in point |
| Remainder of title | rights to light |
| 260 ## - PUBLICATION, DISTRIBUTION, ETC. | |
| Place of publication, distribution, etc. | London |
| Name of publisher, distributor, etc. | RICS |
| Date of publication, distribution, etc. | 2008 |
| 300 ## - PHYSICAL DESCRIPTION | |
| Extent | xx, 174p. |
| Dimensions | 21cm. |
| 350 ## - PRICE (NR) (BK AM CF MU VM SE) [OBSOLETE] | |
| Price | 28.50 |
| 490 ## - SERIES STATEMENT | |
| Series statement | RICS Case in Point Series |
| 505 2# - FORMATTED CONTENTS NOTE | |
| Formatted contents note | Preface -- List of Acts and abbreviations -- Table of cases -- Introduction -- Acquisition -- Acquisition by prescription -- Extinguishment -- Infringement of rights to light -- Causes of action and parties -- High hedges |
| 520 ## - SUMMARY, ETC. | |
| Summary, etc. | Practical, case-based guide to rights to light provides summaries of cases supported by commentary from expert contributors. Aspects of the topic covered include acquisition of rights to light, infringement of rights to light and factors determining whether infringement has occurred and discussion on the remedies available to parties in rights to light disputes. |
| 521 ## - TARGET AUDIENCE NOTE | |
| Target audience note | Advanced |
| 590 ## - LOCAL NOTE (RLIN) | |
| Local note | KA |
| 651 #4 - SUBJECT ADDED ENTRY--GEOGRAPHIC NAME | |
| Geographic name | England and Wales |
| Chronological subdivision | 1543- |
| 690 ## - LOCAL SUBJECT ADDED ENTRY--TOPICAL TERM (OCLC, RLIN) | |
| Topical term or geographic name as entry element | PROPERTY-PROPERTY MANAGEMENT-EASEMENTS-RIGHTS TO LIGHT DETERMINATION |
| 700 1# - ADDED ENTRY--PERSONAL NAME | |
| Personal name | Stephens, Jessica |
| 700 1# - ADDED ENTRY--PERSONAL NAME | |
| Personal name | O'Hagan, Rachael |
| 942 ## - ADDED ENTRY ELEMENTS (KOHA) | |
| Suppress in OPAC | 0 |
| Source of classification or shelving scheme | Dewey Decimal Classification |
| Withdrawn status | Lost status | Source of classification or shelving scheme | Damaged status | Not for loan | Home library | Current library | Shelving location | Date acquired | Total Checkouts | Full call number | Barcode | Date last seen | Copy number | Price effective from | Koha item type | Date last checked out |
|---|---|---|---|---|---|---|---|---|---|---|---|---|---|---|---|---|
| Dewey Decimal Classification | London | London | Books | 30/10/2008 | 346.410435 HAN | 30076384 | 06/08/2019 | 2 | 06/08/2019 | Reference material | ||||||
| Dewey Decimal Classification | London | London | Books | 30/10/2008 | 5 | 346.410435 HAN | 30076386 | 06/08/2019 | 3 | 06/08/2019 | Book | 07/12/2009 | ||||
| Dewey Decimal Classification | London | London | RICS Boxes | 07/11/2008 | RICS 2008/52 | 30076383 | 11/03/2024 | 1 | 06/08/2019 | Archive |